[Event "SVK-chT2B 2223"]
[Site "Slovakia"]
[Date "2023.03.26"]
[Round "11.5"]
[White "Seles, Samuel"]
[Black "Berza, Stefan"]
[Result "0-1"]
[WhiteElo "1173"]
[BlackElo "1953"]
[PlyCount "138"]
[EventDate "2022.10.08"]
[EventType "team-tourn"]
[EventRounds "11"]
[EventCountry "SVK"]
[SourceTitle "EXT 2024"]
[Source "ChessBase"]
[SourceDate "2023.10.10"]
[SourceVersion "1"]
[SourceVersionDate "2023.10.10"]
[SourceQuality "1"]
[WhiteTeam "Topolcany II"]
[BlackTeam "Komarno II"]
[WhiteTeamCountry "SVK"]
[BlackTeamCountry "SVK"]

1. d4 c5 2. e3 d5 3. c4 e6 4. Nc3 Nf6 5. Nf3 Nc6 6. a3 Be7 7. dxc5 Bxc5 8. b4 Bd6 9. c5 Bb8 10. Bb2 0-0 11. Bd3 e5 12. e4 d4 13. Ne2 a6 14. h3 Ne7 15. Qc2 Bd7 16. Bc1 Ng6 17. Bd2 Qe7 18. Rc1 Rc8 19. Qb1 Bc6 20. Qc2 Qe8 21. 0-0 Bd7 22. Qb1 Nh5 23. Rfe1 h6 24. Qb2 Qe7 25. Qb1 Qf6 26. Qb2 Bxh3 27. Nh2 Bd7 28. b5 axb5 29. Bxb5 Bxb5 30. Qxb5 Qc6 31. Qxc6 Rxc6 32. Ng3 Nxg3 33. fxg3 Rxa3 34. Nf1 Ba7 35. Bb4 Rb3 36. Rb1 Rxb1 37. Rxb1 Bxc5 38. Bxc5 Rxc5 39. Rxb7 Rc2 40. Rb1 Re2 41. Nh2 Rxe4 42. Kf2 Re3 43. Rd1 Ra3 44. Rd2 Ne7 45. Nf3 e4 46. Re2 e3+ 47. Kg1 Ra1+ 48. Kh2 Nc6 49. Nxd4 Nxd4 50. Rxe3 Ne6 51. Re2 g6 52. g4 Kg7 53. Rf2 Ra4 54. Kg3 Ra3+ 55. Kh2 g5 56. g3 Kg6 57. Kg2 Rc3 58. Kh2 Nd4 59. Kg2 Rc2 60. Rxc2 Nxc2 61. Kh3 Ne3 62. Kh2 Nxg4+ 63. Kh3 Nf2+ 64. Kg2 Ne4 65. g4 Kf6 66. Kf3 Ke5 67. Ke3 Nc3 68. Kf3 Nd5 69. Kg3 Ke4 0-1

[Event "SVK-chT2B 2223"]
[Site "Slovakia"]
[Date "2022.10.09"]
[Round "2.7"]
[White "Trnka, Stefan"]
[Black "Seles, Samuel"]
[Result "1/2-1/2"]
[WhiteElo "1692"]
[BlackElo "1173"]
[PlyCount "73"]
[EventDate "2022.10.08"]
[EventType "team-tourn"]
[EventRounds "11"]
[EventCountry "SVK"]
[SourceTitle "CBM 210 Extra"]
[Source "ChessBase"]
[SourceDate "2022.11.30"]
[SourceVersion "1"]
[SourceVersionDate "2022.11.30"]
[SourceQuality "1"]
[WhiteTeam "Nove Zamky"]
[BlackTeam "Topolcany II"]
[WhiteTeamCountry "SVK"]
[BlackTeamCountry "SVK"]

1. d4 d5 2. Bf4 Nf6 3. e3 a6 4. Bd3 e6 5. Nd2 Bd6 6. Bg3 Bxg3 7. hxg3 h6 8. Ngf3 Nc6 9. c3 Qe7 10. Qe2 e5 11. dxe5 Nxe5 12. Nxe5 Qxe5 13. Nf3 Qd6 14. Bc2 Bd7 15. 0-0-0 0-0-0 16. Nd2 Bb5 17. Bd3 Bxd3 18. Qxd3 Qe6 19. Qc2 Ne4 20. Nxe4 Qxe4 21. Qxe4 dxe4 22. Rd4 Rxd4 23. exd4 Re8 24. Re1 f5 25. Kd2 Kd7 26. f3 exf3 27. Rxe8 Kxe8 28. gxf3 Ke7 29. Ke3 g5 30. d5 Kd6 31. c4 c5 32. f4 g4 33. b3 a5 34. a4 b6 35. Kf2 h5 36. Ke3 Ke7 37. Kf2 1/2-1/2